Rights of Light, 3rd edition (Record no. 121628)
[ view plain ]
| 000 -LEADER | |
|---|---|
| fixed length control field | 01635nam a22002777a 4500 |
| 001 - CONTROL NUMBER | |
| control field | 121628 |
| 008 - FIXED-LENGTH DATA ELEMENTS--GENERAL INFORMATION | |
| fixed length control field | 230724s2023 xxk|||||o|||| 00| 0 eng d |
| 041 ## - LANGUAGE CODE | |
| Language code of text/sound track or separate title | eng |
| 110 ## - MAIN ENTRY--CORPORATE NAME | |
| Corporate author | Royal Institution of Chartered Surveyors |
| 245 ## - TITLE STATEMENT | |
| Title | Rights of Light, 3rd edition |
| Subtitle | RICS Draft Professional Standard |
| Medium | [Electronic resource] |
| 260 ## - PUBLICATION INFORMATION | |
| Place of publication | London, |
| Publisher | Royal Institution of Chartered Surveyors, |
| Date | 24 July 2023 |
| 300 ## - PHYSICAL DESCRIPTION | |
| Physical description | 75p. |
| 490 ## - SERIES TITLE | |
| Series statement | RICS Consultation |
| 520 ## - ABSTRACT | |
| Abstract | Following the publication of the Right to Light consumer guide, RICS is now putting forward a professional standard for land developers, surveyors/surveying firms and legal specialists. This is a draft update to the 2nd edition with changes in legislation, technology and case law. Consultation opened 24th July 2023 closed 21st August 2023.<br/> |
| 520 ## - ABSTRACT | |
| Abstract | Third edition was published 19th March 2024, effective from 1 June 2024 with ISBN 9781783215140 |
| 650 ## - KEYWORDS | |
| Keywords | BOUNDARY DISPUTES |
| 650 ## - KEYWORDS | |
| Keywords | LAW OF PROPERTY ACT 1925 |
| 650 ## - KEYWORDS | |
| Keywords | RIGHTS OF LIGHT |
| 651 ## - SUBJECT ADDED ENTRY--GEOGRAPHIC NAME | |
| Geographic name | United Kingdom |
| 690 ## - BROAD SUBJECT | |
| 9 (RLIN) | 6267 |
| Broad subject | Rights of light |
| 710 ## - ADDED CORPORATE NAME | |
| Added corporate author | Royal Institution of Chartered Surveyors |
| 856 ## - ONLINE RESOURCE | |
| Uniform Resource Identifier | <a href="https://consultations.rics.org/gf2.ti/f/1480610/172746181.1/PDF/-/Rights%20of%20light%203rd%20Edition_for%20iconsult.pdf">https://consultations.rics.org/gf2.ti/f/1480610/172746181.1/PDF/-/Rights%20of%20light%203rd%20Edition_for%20iconsult.pdf</a> |
| Public note | View the consultation document on RICS.org |
| 856 ## - ONLINE RESOURCE | |
| Uniform Resource Identifier | <a href="https://consultations.rics.org/rightsoflight3rded/consultationHome">https://consultations.rics.org/rightsoflight3rded/consultationHome</a> |
| Public note | View the RICS iConsult homepage on Rights to Light 3rd ed. |
| 856 ## - ONLINE RESOURCE | |
| Uniform Resource Identifier | <a href="https://www.rics.org/content/dam/ricsglobal/documents/standards/rights-of-light-3rd-ed-ps-march-2024.pdf">https://www.rics.org/content/dam/ricsglobal/documents/standards/rights-of-light-3rd-ed-ps-march-2024.pdf</a> |
| Public note | Published 3rd edition |
| 942 ## - ADDED ENTRY ELEMENTS (KOHA) | |
| Suppress in OPAC | Do not suppress in OPAC |
| Lost status | Damaged status | Not for loan | Current library | Shelving location | Date acquired | Total Checkouts | Full call number | Date last seen | Price effective from | Koha item type |
|---|---|---|---|---|---|---|---|---|---|---|
| Virtual | Online | 24/07/2023 | RICS iConsult | 24/07/2023 | 24/07/2023 | Online material |